00890nam a22002177a 45000010005000000030006000050050017000110080041000280200018000690400029000870500009001160820011001251000019001362450080001552600047002353000049002825200244003316500030005757000034006057000033006395690FISKH20250114101656.0250114b cb ||||| |||| 00| 0 eng d a9780746030516 aFISKHbengcFISKHdFISKH aQH48 a508.03 aColvin, Leslie aThe usborne living world encyclopedia / cby Leslie Colvin and Emma Speare  aLondon :bUsborne Publishing, Ltd ;c1999. a128 pages : bcolor illustrations; c26 cm.  aThis book is full of informative and interes ting facts about the plants and animals around us. It is arr anged by environments and habitats, to emphasize how living things interact with each other and their ever-changing natu ral world. ' aencyclopediavnon-fiction aBowring, Isabeleillustrator  aChen, Kuo Kangeillustrator